000
00245nam a22001097a 4500
082
_a
513 MOR'M
100
_a
MORTON, ROBERT LEE
_9
59963
245
_a
MAKING SURE OF ARITHMETIC
260
_a
NEWYORK
_b
1952
_c
SILVER
300
_a
346P
942
_c
BK
999
_c
569818
_d
569818